Biología 4 / (Record no. 10147)

000 -CABECERA
fixed length control field 00909nam a22002297a 4500
003 - IDENTIFICADOR DEL NÚMERO DE CONTROL
control field AR-CdUCM
008 - DATOS DE LONGITUD FIJA--INFORMACIÓN GENERAL
fixed length control field 190329b ||||| |||| 00| 0 spa d
040 ## - FUENTE DE LA CATALOGACIÓN
Agencia/entidad que catalogó originalmente la obra MUNICIPALIDAD PROVINCIAL DEL CUSCO
Entidad que transcribió la catalogación BIBLIOTECA MUNICIPAL DEL CUSCO
082 ## - NÚMERO DE LA CLASIFICACIÓN DECIMAL DEWEY
No. de Clasificación ES / 373.574 /
Notacion interna V32
100 ## - ENTRADA PRINCIPAL--NOMBRE DE PERSONA
Nombre Personal Vasquez Urday, Carlos Emilio
245 ## - MENCIÓN DE TÍTULO
Título Biología 4 /
260 ## - PUBLICACIÓN, DISTRIBUCIÓN, ETC.
Lugar de publicación, distribución, etc. Lima :
Nombre de la editorial, distribuidor, etc. Asociación Prisma,
300 ## - DESCRIPCIÓN FÍSICA
Nº de Páginas Extensión 372 paginas ;
Otros detalles físicos Ilustraciones,
Dimensiones 25 cm.
440 ## - MENCIÓN DE SERIE/PUNTO DE ACCESO ADICIONAL--TÍTULO
Título Colección científico tecnológica
9 (RLIN) 26832
505 ## - NOTA DE CONTENIDO CON FORMATO
Nota de contenido formateada Contenido :Niveles de organización del ser viviente --Funciones que garantizan la supervivencia del individuo --Funciones que garantizan la supervivencia de las especies --Diversidad de las especies --Equilibrio ecológico /
650 ## - PUNTO DE ACCESO ADICIONAL DE MATERIA--TÉRMINO DE MATERIA
Descriptor Célula
9 (RLIN) 20195
650 ## - PUNTO DE ACCESO ADICIONAL DE MATERIA--TÉRMINO DE MATERIA
Descriptor Histoligia
9 (RLIN) 26833
650 ## - PUNTO DE ACCESO ADICIONAL DE MATERIA--TÉRMINO DE MATERIA
Descriptor Genética
9 (RLIN) 5063
650 ## - PUNTO DE ACCESO ADICIONAL DE MATERIA--TÉRMINO DE MATERIA
Descriptor Evolución
9 (RLIN) 7012
942 ## - ELEMENTOS DE PUNTO DE ACCESO ADICIONAL (KOHA)
Fuente de clasificación
Tipo de item Libros-BMC
945 ## - PROCESAMIENTO DE INFORMACIÓN LOCAL (OCLC)
Catalogador rjall
Holdings
Estado de retiro (separado) Fuente de clasificación o esquema de estanterías Estado dañado Ubicación Sala donde se ubica Nombre de la colección Fecha de adquisición o compra Costo, precio normal en soles Signatura topográfica Código de Barras Última vez visto (Koha) Tipo de ítem (Koha)
No     Sala de Infantes Sala de Infantes Book Cart 2019-03-29 30.00 ES / 373.574 / V32 SI00000355 2019-03-29 Libros-BMC

Powered by Koha